The novels of Thomas Bernhard : form and its function /

Bibliographic Details
Main Author: Long, J. J. (Jonathan James), 1969-
Format: Book
Language:English
Published: Rochester, NY : Camden House, 2001.
Series:Studies in German literature, linguistics, and culture.
Subjects:

MARC

Tag First Indicator Second Indicator Subfields
LEADER 00000cam a22000004a 4500
001 in00001640310
005 20151023065801.0
008 010126s2001 nyu b 001 0 eng
010 |a  2001023092 
020 |a 1571132244 (alk. paper) 
035 |a (OCoLC)ocm45821117 
040 |a DLC  |c DLC  |d C#P  |d TXA  |d UtOrBLW 
042 |a pcc 
049 |a TXAM 
050 0 0 |a PT2662.E7  |b Z772 2001 
082 0 0 |a 833/.914  |2 21 
100 1 |a Long, J. J.  |q (Jonathan James),  |d 1969- 
245 1 4 |a The novels of Thomas Bernhard :  |b form and its function /  |c J.J. Long. 
264 1 |a Rochester, NY :  |b Camden House,  |c 2001. 
300 |a 232 pages ;  |c 24 cm. 
336 |a text  |b txt  |2 rdacontent 
337 |a unmediated  |b n  |2 rdamedia 
338 |a volume  |b nc  |2 rdacarrier 
490 1 |a Studies in German literature, linguistics, and culture 
504 |a Includes bibliographical references (pages [205]-223) and index. 
600 1 0 |a Bernhard, Thomas  |x Criticism and interpretation. 
830 0 |a Studies in German literature, linguistics, and culture. 
994 |a E0  |b TXA 
948 |a cataloged  |b h  |c 2001/9/18  |d c  |e jlanham  |f 12:10:52 pm 
999 |a MARS 
999 f f |s 1d10f110-9232-33e9-9a08-b510dbcc0f77  |i cca640ce-ca3f-3e2d-b53c-d7dce4207481  |t 0 
952 f f |p normal  |a Texas A&M University  |b College Station  |c Sterling C. Evans Library  |d Evans: Library Stacks  |t 0  |e PT2662.E7 Z772 2001  |h Library of Congress classification  |i unmediated -- volume  |m A14828116505 
998 f f |a PT2662.E7 Z772 2001  |t 0  |l Evans: Library Stacks